Master your money : (Record no. 9594)

MARC details
000 -LEADER
fixed length control field 00803nam a2200253 a 4500
001 - CONTROL NUMBER
control field 2057464
003 - CONTROL NUMBER IDENTIFIER
control field OSt
005 - DATE AND TIME OF LATEST TRANSACTION
control field 20210118160426.0
008 - FIXED-LENGTH DATA ELEMENTS--GENERAL INFORMATION
fixed length control field 930426s1991 tnua 000 0 eng
010 ## - LIBRARY OF CONGRESS CONTROL NUMBER
LC control number 93145749
020 ## - INTERNATIONAL STANDARD BOOK NUMBER
International Standard Book Number 0840731949 (TP)
020 ## - INTERNATIONAL STANDARD BOOK NUMBER
International Standard Book Number 0840776500 (CB)
040 ## - CATALOGING SOURCE
Original cataloging agency DLC
Transcribing agency DLC
050 00 - LIBRARY OF CONGRESS CALL NUMBER
Classification number HG179
Item number .B565 1991
082 00 - DEWEY DECIMAL CLASSIFICATION NUMBER
Classification number 332.024
Edition number 20
100 1# - MAIN ENTRY--PERSONAL NAME
Personal name Blue, Ron,
Dates associated with a name 1942-
245 10 - TITLE STATEMENT
Title Master your money :
Remainder of title a step-by-step plan for financial freedom revised and updated for the financial realities of the 90s /
Statement of responsibility, etc. Ron Blue.
260 ## - PUBLICATION, DISTRIBUTION, ETC.
Place of publication, distribution, etc. Nashville :
Name of publisher, distributor, etc. T. Nelson Publishers,
Date of publication, distribution, etc. c1991.
300 ## - PHYSICAL DESCRIPTION
Extent 227 p. :
Other physical details ill. ;
Dimensions 23 cm.
650 #0 - SUBJECT ADDED ENTRY--TOPICAL TERM
Topical term or geographic name entry element Finance, Personal.
906 ## - LOCAL DATA ELEMENT F, LDF (RLIN)
a 7
b cbc
c orignew
d 2
e ncip
f 19
g y-gencatlg
942 ## - ADDED ENTRY ELEMENTS (KOHA)
Source of classification or shelving scheme Dewey Decimal Classification
Koha item type Books

No items available.


OPAC Designed and Maintained by HMC Library Team.
Copyright © HMC Library,Greater Noida, UP.
For any Suggestions/Query Contact library via Email:libhmc@gmail.com